BIBLIOTHÈQUE DE LA MAISON DU MEXIQUE

Logo 1 Logo 2

Estudios de Lingüística de España y México (notice nᵒ 534)

détails MARC
000 -Sello discográfico
campo de control de longitud fija 01318nam a2200349 4500
005 - Identificación de versión
campo de control 20251016082255.0
010 ## - Número Estándar Internacional de Libros (ISBN)
Número (ISBN) 968-36-1508-2
035 ## - Otros números de control del sistema
Número de control del sistema 18691
099 ## - fechas locales
Tipo de ítem Koha LIBRO
100 ## - Datos de procesamiento general
Datos de procesamiento general 19950918d1990 m y1spay5003 ba
105 ## - Campo de datos codificados: Material textual, monográfico
Datos codificados de monografía a 001zy
200 1# - Título y mención de responsabilidad
Título propio Estudios de Lingüística de España y México
Designación general del material texto impreso
Primer mención de responsabilidad colaboración de Rebeca Barriga Villanueva y Bulmaro Reyes Coria
Declaración de responsabilidad subsiguiente edición Violeta Demonte y Beatriz Garza Cuarón
205 ## - Declaración de edición
Declaración de edición 1a ed
210 ## - Publicación, distribución, etc.
Lugar de publicación, distribución, etc. México
Nombre del editor, distribuidor, etc. Universidad Nacional Autónoma de México, Instituto de Investigaciones Filológicas : El Colegio de México, Centro de Estudios Lingüísticos y Literarios
Fecha de publicación, distribución, etc. 1990
215 ## - Descripción física
Designación de material específico y extensión del ítem 646 p
Otras características físicas il., mapas
Dimensiones 23 cm
345 ## - Nota de información de adquisición
Fuente de adquisición/dirección de la suscripción [OBSOLETO] Donación de la UNAM
606 ## - Término temático usado como materia
Elemento de entrada Español (Idioma)
Subdivisión temática Gramática
Número Koha 1548
606 ## - Término temático usado como materia
Elemento de entrada Indios de México
Subdivisión temática Lenguas
Número Koha 614
606 ## - Término temático usado como materia
Elemento de entrada Lingüistica
Número Koha 618
660 ## - Código de área geográfica
Código MX
702 ## - Nombre personal - Responsabilidad secundaria
Elemento de entrada Barriga Villanueva
Parte del nombre distinta del elemento de entrada Rebeca
Número Koha 1549
702 ## - Nombre personal - Responsabilidad secundaria
Elemento de entrada Demonte
Parte del nombre distinta del elemento de entrada Violeta
Número Koha 1550
702 ## - Nombre personal - Responsabilidad secundaria
Elemento de entrada Garza Cuarón
Parte del nombre distinta del elemento de entrada Beatriz
Número Koha 1551
702 ## - Nombre personal - Responsabilidad secundaria
Elemento de entrada Reyes Coria
Parte del nombre distinta del elemento de entrada Bulmaro
Número Koha 1552
801 #0 - Fuente de origen
Agencia cm
900 ## -
-- 1/11904
900 ## -
-- 71095813\\\180995
942 ## - ELEMENTOS DE ENTRADA SECUNDARIOS (KOHA)
Tipo de ítem Koha Livre
996 ## -
-- MEX
-- 751145101
-- MMAG
-- 006116
-- 461 D384E
-- 20220211LIV
Exemplaires
Estatus retirado Estado de daño Estado de pérdida Fecha de adquisición Biblioteca de origen Biblioteca actual Ubicación en estantería Código de barras Precio de reemplazo Signatura topográfica completa No para préstamo Tipo de ítem Koha Nota pública Nota no pública
      05/08/2025 Casa México Paris Casa México Paris   006116 05/08/2025 461 D384E   Livre 20220211LIV 751145101